000 00729nam a2200289Ia 4500
003 OSt
005 20221006142312.0
006 a|||||r|||| 00| 0
007 ta
008 221006b |||||||| |||| 00| 0 eng d
020 _a9780333497203
_c£35.00
024 _a6,009
037 _cTextual
040 _aEASL
_cEASL
_beng
041 _2eng
_aeng
082 _aV4.N87, N0
100 _aBROINOWSKI Alison Ed.
245 0 _aASEAN into the 1990s
260 _aLondon
_bMacmillan
_c1990
300 _a265p.
_ccm.
490 _v Gen
650 _a Asia - History
650 _a Gen
650 _aASEAN
_9465114
942 _hV4.N87, N0
_cTEXL
_2CC
999 _c1074095
_d1074095